Hinglish Live: (Record no. 206076)

MARC details
000 -LEADER
fixed length control field 00648nam a22002057a 4500
005 - DATE AND TIME OF LATEST TRANSACTION
control field 20241003112521.0
010 ## - LCCN (DPL NO)
LC control number ENG-141878
020 ## - INTERNATIONAL STANDARD BOOK NUMBER
International Standard Book Number 9789354420283
Terms of availability 1295.00
035 ## - SYSTEM CONTROL NUMBER
System control number EN-125410
037 ## - SOURCE OF ACQUISITION
Source of stock number/acquisition DBAD
082 ## - DEWEY DECIMAL CLASSIFICATION NUMBER
Classification number 302.23
Edition number 1
245 ## - TITLE STATEMENT
Title Hinglish Live:
Remainder of title Language Mixing Across Media/
Statement of responsibility, etc Edited by Francesca Orsini [and] Ravikant
250 ## - EDITION STATEMENT
Edition statement 1
260 ## - PUBLICATION, DISTRIBUTION, ETC. (IMPRINT)
Place of publication, distribution, etc Hyderabad
Name of publisher, distributor, etc Orient BlackSwan
Date of publication, distribution, etc 2022
270 ## - ADDRESS
Address 3-6-752 Himayatnagar
City Hyderabad (Telangana)
Postal code 500029
300 ## - PHYSICAL DESCRIPTION
Extent x,358p.
Dimensions 22cm(Hb)
700 ## - ADDED ENTRY--PERSONAL NAME
Personal name Orsini, Francesca
Relator term Editor
9 (RLIN) 72315
700 ## - ADDED ENTRY--PERSONAL NAME
Personal name Ravikant
Relator term Editor
9 (RLIN) 72316
942 ## - ADDED ENTRY ELEMENTS (KOHA)
Source of classification or shelving scheme Dewey Decimal Classification
Item type English Books
Classification part 302.23
Call number suffix HIN
Holdings
Withdrawn status Lost status Not for loan Collection code Home library Current library Date acquired Source of acquisition Cost, normal purchase price Full call number Barcode Copy number Cost, replacement price Koha item type
    Not For Loan Non-fiction D.B.Act.Division D.B.Act.Division 03/10/2024 Delivery of Books Act Division 1295.00 302.23 HIN EN-125410 1 1295.00 English Books

© Delhi Public Library
Hit Counter
free hit counter